ბათუმის შოთა რუსთაველის სახელმწიფო უნივერსიტეტის ბიბლიოთეკა

ქართული ლიტერატურის სწავლების მეთოდიკის საკითხები (ბიბ.ჩანაწერი № 51017)

000 -LEADER
fixed length control field 00980nam a2200229Ia 4500
001 - CONTROL NUMBER
control field 17974
003 - CONTROL NUMBER IDENTIFIER
control field GE_BSU
008 - FIXED-LENGTH DATA ELEMENTS--GENERAL INFORMATION
fixed length control field 181216s||||||||xx |||||||||||||| ||und||
040 ## - CATALOGING SOURCE
Transcribing agency GE_BSU
080 ## - UNIVERSAL DECIMAL CLASSIFICATION NUMBER
Universal Decimal Classification number 821.353.1(072)
100 ## - MAIN ENTRY--PERSONAL NAME
Personal name ჩიჯავაძე, თუთი
245 ## - TITLE STATEMENT
Title ქართული ლიტერატურის სწავლების მეთოდიკის საკითხები
245 ## - TITLE STATEMENT
Statement of responsibility, etc. რედ.შ.ქურდაძე. მ. მთვარელიძე
260 ## - PUBLICATION, DISTRIBUTION, ETC.
Place of publication, distribution, etc. თბილისი
260 ## - PUBLICATION, DISTRIBUTION, ETC.
Name of publisher, distributor, etc. სულხან საბა ორბელიანის სახ. თბილისის სახ. პედ. ინ-ტი
260 ## - PUBLICATION, DISTRIBUTION, ETC.
Date of publication, distribution, etc. 2005
300 ## - PHYSICAL DESCRIPTION
Extent 222გვ.
653 ## - INDEX TERM--UNCONTROLLED
Uncontrolled term ქართული ლიტერატურის სწავლების მეთოდიკის საკითხები
653 ## - INDEX TERM--UNCONTROLLED
Uncontrolled term ქსეროქსი
942 ## - ADDED ENTRY ELEMENTS (KOHA)
Koha item type წიგნი
ეგზემპლარები
Withdrawn status Lost status Damaged status Not for loan Date acquired Barcode Date last seen Price effective from Koha item type
        2018-12-17 32ქსეროქსი 2018-12-17 2018-12-17 წიგნი